| 000 | 00490nam a22001697a 4500 | ||
|---|---|---|---|
| 005 | 20211008122237.0 | ||
| 008 | 211008b it||| |||| 00| 0 spa d | ||
| 050 |
_aB783.Z7 _bG87 [1932] |
||
| 100 | _aGuzzo, Augusto | ||
| 245 |
_aI dialoghi del Bruno. / _cAugusto Guzzo |
||
| 246 | _aLos diálogos de Bruno. | ||
| 250 | _aprimera edición | ||
| 260 |
_aItalia, Torino ; _bLerma, _c1932 |
||
| 300 |
_a206 p. ; _c23 cm. |
||
| 600 |
_aBruno, Giordano, _d1548-1600. |
||
| 942 |
_2lcc _cLIB |
||
| 999 |
_c157902 _d157900 |
||